Sportifs Ukrainiens masculins-Mort subite - Statistiques

Statistiques générales
  • Ce quiz a été pris 18 fois
  • Le résultat moyen est 7 sur 21
Answers on the Grid
Answers color-coded by a green-red scale on the quiz's grid according to % correct below.
Vitali Klitschko
Wladimir Klitschko
Oleksandr Usyk
Vasyl Lomachenko
Andriy Shevchenko
Andriy Yarmolenko
Oleksandr Zinchenko
Ruslan Malinovskyi
Roman Yaremchuk
Taras Stepanenko
Yevhen Konoplyanka
Mykhailo Mudryk
Alex Len
Sviatoslav Mykhailiuk
Alexandr Dolgopolov
Mark Padun
Oleksiy Torokhtiy
Oleg Verniaiev
Serhiy Bubka
Yuriy Cheban
Dmytro Pidruchnyi
Artem Dzyuba
Sergey Shubenkov
Alexander Povetkin
Sergei Gurenko
Viktor Goncharenko
Max Mirnyi
Ivan Tsikhan
Vasil Kiryienka
Kamil Glik
Kamil Stoch
Tomas Hertl
Zdeno Chára
Tomás Tatar
Gennady Golovkin
Ilya Ilyin
Denis Istomin
 
Statistiques - réponses
Réponse % Correct
Oleksandr Zinchenko
82%
Andriy Shevchenko
76%
Andriy Yarmolenko
65%
Roman Yaremchuk
59%
Mykhailo Mudryk
53%
Ruslan Malinovskyi
47%
Taras Stepanenko
41%
Vitali Klitschko
41%
Serhiy Bubka
35%
Yevhen Konoplyanka
35%
Alexandr Dolgopolov
29%
Oleksandr Usyk
29%
Dmytro Pidruchnyi
24%
Vasyl Lomachenko
24%
Wladimir Klitschko
24%
Mark Padun
12%
Alex Len
6%
Oleg Verniaiev
6%
Sviatoslav Mykhailiuk
6%
Yuriy Cheban
6%
Oleksiy Torokhtiy
0%
Aucun quiz correspondant
Distribution des résultats
% des personnes avec chaque résultat
Percentile par nombre de réponses
Votre historique - résultats
Vous n’avez pas pris ce quiz